Sati : (Record no. 17636)

MARC details
000 -LEADER
fixed length control field 00748nam a22002177a 4500
005 - DATE AND TIME OF LATEST TRANSACTION
control field 20081022113814.0
008 - FIXED-LENGTH DATA ELEMENTS--GENERAL INFORMATION
fixed length control field 081022t xxu||||| |||| 00| 0 eng d
010 ## - LIBRARY OF CONGRESS CONTROL NUMBER
LC control number ENG-84297
020 ## - INTERNATIONAL STANDARD BOOK NUMBER
International Standard Book Number 0195678958
020 ## - INTERNATIONAL STANDARD BOOK NUMBER
Terms of availability 650.00 (hb)
035 ## - SYSTEM CONTROL NUMBER
System control number EN-67830
082 ## - DEWEY DECIMAL CLASSIFICATION NUMBER
Classification number 393.3
245 ## - TITLE STATEMENT
Title Sati :
Remainder of title a historical anthology /
Statement of responsibility, etc edited by Andrea Major
260 ## - PUBLICATION, DISTRIBUTION, ETC. (IMPRINT)
Place of publication, distribution, etc New Delhi
Name of publisher, distributor, etc Oxford University Press
260 ## - PUBLICATION, DISTRIBUTION, ETC. (IMPRINT)
Date of publication, distribution, etc 2007
300 ## - PHYSICAL DESCRIPTION
Extent iv,465p
Dimensions 22cm
500 ## - GENERAL NOTE
General note Includes bibliographical references
700 ## - ADDED ENTRY--PERSONAL NAME
Personal name Major, Andrea
Titles and other words associated with a name ed
942 ## - ADDED ENTRY ELEMENTS (KOHA)
Source of classification or shelving scheme Dewey Decimal Classification
Koha item type English Books
Classification part 393.3
Call number suffix SAT
Holdings
Withdrawn status Lost status Source of classification or shelving scheme Damaged status Not for loan Collection code Home library Current library Date acquired Cost, normal purchase price Total Checkouts Full call number Barcode Date last seen Copy number Cost, replacement price Price effective from Koha item type
    Dewey Decimal Classification   Not For Loan Non-fiction D.B.Act.Division D.B.Act.Division 22/10/2008 650.00   393.3 SAT EN-67830 04/11/2008 1 650.00 04/11/2008 English Books

© Delhi Public Library
Hit Counter
free hit counter